Szczegóły MARC21

Ekonomia. [T. 2], Makroekonomia /

005 -DATA I CZAS OSTATNIEJ MODYFIKACJI [,]
    • @
    • pole kontrolne
    • 20090210141010.0
020 -Międzynarod. znormalizowany nr książki - ISBN [ , ]
    • a
    • Numer ISBN
    • 8320812070 Find
020 -Międzynarod. znormalizowany nr książki - ISBN [ , ]
    • a
    • Numer ISBN
    • 8320812062 Find
040 -Instytucja sporządzająca opis [ , ]
    • a
    • Instytucja, która sporządziła opis (NP)
    • SZCZ U
    • c
    • Instytucja, która sporządziła rekord (NP)
    • SZCZ U
    • d
    • Instytucja, która zmodyfikowała rekord (P)
    • SZCZ U/JŚ
041 -Język dokumentu [1, ]
    • a
    • Język tekstu (P)
    • polski
    • h
    • Język tekstu oryginalnego i/lub pośredniego (P)
    • angielski
044 -Kraj miejsca wydania [ , ]
    • a
    • Kraj miejsca wydania
    • Polska
942 -Rodzaj dokumentu [ , ]
    • c
    • Rodzaj dokumentu
    • Książka
100 -Hasło główne - nazwa osobowa [1, ]
    • a
    • Nazwa osobowa (NP)
    • Begg, David K. H.
    • 9
    • KHW
    • 832
245 -Strefa tytułu i oznaczenia odpowiedzialności [1,0]
    • a
    • Tytuł
    • Ekonomia. Find
    • n
    • Oznaczenie części (P)
    • [T. 2],
    • p
    • Nazwa części (P)
    • Makroekonomia /
    • c
    • Pozostałe elementy strefy tytułu i oznaczenia odpowiedzialności (NP)
    • David Begg, Stanley Fisher, Rudiger Dornbush.
246 -Wariant tytułu [1,0]
    • i
    • Tekst wyświetlany na ekranie monitora (NP)
    • Tyt. oryg.:
    • a
    • Tytuł (NP)
    • Economics
250 -Strefa wydania [ , ]
    • a
    • Oznaczenie wydania (NP)
    • Wyd. 2 zm.
260 -Strefa adresu wydawniczego [ , ]
    • a
    • Miejsce wydania (P)
    • Warszawa :
    • b
    • Nazwa wydawcy (P)
    • Polskie Wydawnictwo Ekonomiczne,
    • c
    • Data wydania (P)
    • 1999.
300 -Strefa opisu fizycznego [ , ]
    • a
    • Określenie formy książki i/lub objętość (NP)
    • 535 s :
    • b
    • Oznaczenie ilustracji (NP)
    • il. ;
    • c
    • Format (NP)
    • 24 cm.
504 -Uwaga dot. bibliogr. załącznikowej [ , ]
    • a
    • Uwaga dot. bibliografii załącznikowej
    • Ind.
546 -Uwaga dot. języka [ , ]
    • a
    • Uwaga dot. języka
    • Tł. z jęz. ang.
080 -Uniwersalna Klasyfikacja Dziesiętna [ , ]
    • 2
    • Identyfikator wydania tablic
    • UDC-P058
    • a
    • Symbol klasyfikacji
    • 330.101.541
    • b
    • Dopowiedzenie
    • Makroekonomia.
    • x
    • Poddział wspólny
    • (075.8)
    • b
    • Dopowiedzenie
    • (Podręczniki dla szkół wyższych. Skrypty).
980 -Symbol UKD [ , ]
    • a
    • UKD
    • 330.101.541(075.8)
700 -Hasło dodatkowe - nazwa osobowa [1, ]
    • a
    • Nazwa osobowa (NP)
    • Fischer, Stanley Find
    • d
    • Daty biograficzne (NP)
    • (1943- ).
    • 9
    • KHW
    • 834
700 -Hasło dodatkowe - nazwa osobowa [1, ]
    • a
    • Nazwa osobowa (NP)
    • Dornbusch, Rudiger Find
    • d
    • Daty biograficzne (NP)
    • (1942-2002).
    • 9
    • KHW
    • 836
920 -ISBN [ , ]
    • a
    • ISBN
    • 83-208-1207-0 Find
920 -ISBN [ , ]
    • a
    • ISBN
    • 83-208-1206-2 Find
Lokalizacja Data inwentaryzacji Numer inwentarzowy Status udost.
BE1999-07-01S.83971-3
BE1999-07-01S.83972-6
BE1999-07-01S.839732
BE1999-07-01S.839742
BE1999-07-01S.839752
BE1999-07-01S.839762
BE1999-07-01S.839772
BE1999-07-01S.839782
BE1999-07-01S.83979-6
BE1999-07-01S.83980-6
BE2000-01-17S.850592
BE2000-01-17S.850602
BE2000-01-17S.85061-3
BE2000-01-17S.85062-3
BE2000-01-17S.85063-3
BE2000-01-17S.85064-3
BE2000-01-17S.850652
BE2000-01-17S.850662
BE2000-01-17S.850672
BE2000-01-17S.850682
T2005-04-26TM.3239-3
T2008-11-13TM.6003-3
T2011-02-21TM.7945-3